Les films se déroulant à Halloween - Statistiques

Statistiques générales
  • Ce quiz a été pris 595 fois
  • Le résultat moyen est 8 sur 16
Statistiques - réponses
Par images Réponse % Correct
Casper
91%
La Famille Addams
91%
Coco
90%
E.T. l'extra-terrestre
85%
Beetlejuice
83%
Halloween, La nuit des masques
72%
Entretien avec un vampire
42%
Hocus Pocus : Les Trois sorcières
40%
Sleepy Hollow - La Légende du cavalier sans tête
40%
Le Projet Blair Witch
37%
Donnie Darko
29%
The Crow
26%
The Thing
20%
Un Monde Parfait
8%
La Maison des 1000 morts
6%
Trick 'r Treat
1%
Aucun quiz correspondant
Distribution des résultats
% des personnes avec chaque résultat
Percentile par nombre de réponses
Votre historique - résultats
Vous n’avez pas pris ce quiz